Be More Chill Knowledge Quiz - Statistics

General Stats
  • This quiz has been taken 5 times
  • The average score is 5 of 15
Answer Stats
Hint Answer % Correct
What is the supercomputer that lives in Jeremy's brain? SQUIP
100%
What does Mr. Reyes eat? Hot Pockets
67%
Where does the answer to first question come from? Japan
67%
What activates the answer to the first question? Mountain Dew
67%
Who is Jeremy's crush? Christine Canigula
33%
What grade is Jeremy in? Junior
33%
Who is Jeremy's best friend? Michael Mell
33%
What deactivates it? Mountain Dew Red
33%
Lyrics: "It's a grey, _____ pill." oblong
33%
What sport does Jake quit for Christine? Archery
0%
What is Rich's last name? Goranski
0%
Who does Q1's answer appear as? Keanu Reeves
0%
What is the school called? Middle Borough High
0%
What is the name of the frozen yoghurt place in DYWR? Pinkberry
0%
What company made the answer to the first question (in the book)? Sony
0%
No matching quizzes found
Score Distribution
Percent of People with Each Score
Percentile by Number Answered
Your Score History
You have not taken this quiz